000
00247nam a2200097Ia 4500
001
778333
005
20250826165923.0
008
250824s9999 xx 000 0 und d
245
0
_a
CUMARTESİ YALNIZLIĞI
_c
SELİM İLERİ
260
_b
EVEREST YAYINLARI
999
_c
778333
_d
778333